Normal view
MARC view
Entry Personal Name
001 - CONTROL NUMBER
- control field: 89031
003 - CONTROL NUMBER IDENTIFIER
- control field: dpl
005 - DATE AND TIME OF LATEST TRANSACTION
- control field: 20260511105617.0
008 - FIXED-LENGTH DATA ELEMENTS
- fixed length control field: 260511|| aca||aabn | a|a d
040 ## - CATALOGING SOURCE
- Original cataloging agency: dpl
- Transcribing agency: dpl
100 ## - HEADING--PERSONAL NAME
- Personal name: Tagore, Rabindranath,
- Dates associated with a name: 1861-1941
- Form subdivision: Catalogs
670 ## - SOURCE DATA FOUND
- Source citation: Work cat.: (dpl)83060: Tagore, Rabindranath, 1861-1941., Rabindra chitravali :, 2011
